Instituciones, cambio institucional y desempeño económico / (Registro nro. 4844)
[ vista simple ]
| 000 -LEADER | |
|---|---|
| fixed length control field | 01095nam a2200301Ia 4500 |
| 003 - CONTROL NUMBER IDENTIFIER | |
| control field | OSt |
| 005 - DATE AND TIME OF LATEST TRANSACTION | |
| control field | 20200714174734.0 |
| 008 - FIXED-LENGTH DATA ELEMENTS--GENERAL INFORMATION | |
| fixed length control field | 191128s2012 mx gr 000 0 spa d |
| 020 ## - INTERNATIONAL STANDARD BOOK NUMBER | |
| International Standard Book Number | 9789681639822 |
| 040 ## - CATALOGING SOURCE | |
| Original cataloging agency | CO-JMCR |
| Transcribing agency | CO-JMCR |
| 041 1# - LANGUAGE CODE | |
| Language code of text/sound track or separate title | spa |
| Language code of original | eng |
| 082 04 - DEWEY DECIMAL CLASSIFICATION NUMBER | |
| Classification number | 338.5 / |
| Item number | N677i |
| Edition number | 23 |
| 100 1# - MAIN ENTRY--PERSONAL NAME | |
| Personal name | North, Douglass Cecil, |
| Relator term | autor |
| 9 (RLIN) | 5055 |
| 245 10 - TITLE STATEMENT | |
| Title | Instituciones, cambio institucional y desempeño económico / |
| Statement of responsibility, etc. | Douglass C. North ; traducción de Agustín Bárcena |
| 250 ## - EDITION STATEMENT | |
| Edition statement | Primera edición |
| 260 ## - PUBLICATION, DISTRIBUTION, ETC. | |
| Place of publication, distribution, etc. | México : |
| Name of publisher, distributor, etc. | Fondo de Cultura Económica, |
| Date of publication, distribution, etc. | 2012 |
| 300 ## - PHYSICAL DESCRIPTION | |
| Extent | 190 páginas ; |
| Dimensions | 21 cm. |
| 490 0# - SERIES STATEMENT | |
| Series statement | Colección Economía Contemporánea |
| 504 ## - BIBLIOGRAPHY, ETC. NOTE | |
| Bibliography, etc. note | Bibliografía: páginas 181-188 |
| 505 0# - FORMATTED CONTENTS NOTE | |
| Formatted contents note | Instituciones -- Cambio institucional -- Desempeño económico |
| 534 ## - ORIGINAL VERSION NOTE | |
| Introductory phrase | Institutions, institutional change and economic performance |
| 546 ## - LANGUAGE NOTE | |
| Language note | Traducido del inglés |
| 650 14 - SUBJECT ADDED ENTRY--TOPICAL TERM | |
| Topical term or geographic name entry element | Teoría económica |
| 9 (RLIN) | 6037 |
| 650 24 - SUBJECT ADDED ENTRY--TOPICAL TERM | |
| Topical term or geographic name entry element | Economía política |
| 9 (RLIN) | 6038 |
| 650 24 - SUBJECT ADDED ENTRY--TOPICAL TERM | |
| Topical term or geographic name entry element | Economía |
| General subdivision | historia |
| 9 (RLIN) | 6039 |
| 700 1# - ADDED ENTRY--PERSONAL NAME | |
| Personal name | Bárcena, Agustín, |
| Relator term | traductor |
| 9 (RLIN) | 6040 |
| 942 ## - ADDED ENTRY ELEMENTS (KOHA) | |
| Source of classification or shelving scheme | Dewey Decimal Classification |
| Koha item type | Books |
| Withdrawn status | Lost status | Source of classification or shelving scheme | Damaged status | Not for loan | Collection code | Home library | Current library | Shelving location | Date acquired | Source of acquisition | Cost, normal purchase price | Full call number | Barcode | Date last seen | Copy number | Koha item type |
|---|---|---|---|---|---|---|---|---|---|---|---|---|---|---|---|---|
| Dewey Decimal Classification | Non-fiction | Biblioteca Pública José María del Castillo y Rada | Biblioteca Pública José María del Castillo y Rada | General Stacks | 04/15/2018 | Donación | 0.00 | 338.5 / N677i | 430000747 | 05/16/2024 | Ej.1 | Books | ||||
| Dewey Decimal Classification | Non-fiction | Biblioteca Pública José María del Castillo y Rada | Biblioteca Pública José María del Castillo y Rada | General Stacks | 04/15/2018 | Donación | 0.00 | 338.5 / N677i | 430000748 | 05/16/2024 | Ej.2 | Books |